ბათუმის შოთა რუსთაველის სახელმწიფო უნივერსიტეტის ბიბლიოთეკა

ოპერაციების მენეჯმენტი = Operations Management : (ბიბ.ჩანაწერი № 59808)

000 -ლიდერი
ფიქსირებული სიგრძის საკონტროლო ველი 01998nam a22002657a 4500
003 - საკონტროლო ნომრის იდენტიფიკატორი
საკონტროლო ველი Ge_BSU
005 - ბოლო ოპერაციის თარიღი და დრო
საკონტროლო ველი 20230421140234.0
008 - ფიქსირებული სიგრძის მონაცემთა ელემენტები - ზოგადი ინფორმაცია
ფიქსირებული სიგრძის საკონტროლო ველი 230421s2021 ge ||||| |||| 00| 0 geo d
020 ## - წიგნის საერთაშორისო სტანდარტული ნომერი
International Standard Book Number 9789941828485
041 ## - ენის კოდი
Language code of text/sound track or separate title geo
080 ## - უნივერსალური ათობითი კლასიფიკაციის ინდექსი
Universal Decimal Classification number 005.4(075.8) კ-81
100 ## - მთავარი ჩანაწერი - პიროვნების სახელი
Personal name კრაჩევსკი, ლი ჯ.
9 (RLIN) 17718
245 ## - ცნობა სათაურის შესახებ
Title ოპერაციების მენეჯმენტი = Operations Management :
Remainder of title პროცესებისა და მიწოდების ქსელი /
Statement of responsibility, etc ლი ჯ. კრაჩევსკი, მანოჯ კ. მალჰოტრა, ლარი პ. რიტზმანი ; თარგმანზე მუშაობდნენ: გელა გრიგოლაშვილი, გიორგი ღაღანიძე, მიხეილ თოქმაზიშვილი [და სხვა] ; წინათქმა შალვა მაჭავარიანი ; აღმოსავლეთ ევროპის უნივერსიტეტი, საქართველოს საზოგადოებრივ საქმეთა ინსტიტუტი.
250 ## - გამოცემის ცნობა
Edition statement მე-12 გამოცემა.
264 ## - წარმოების, გამოცემის, დისტრიბუციის და სხვა ცნობები
გამოცემის, წარმოების, დისტრიბუციის... ადგილი თბილისი :
გამოცემის, წარმოების, დისტრიბუციის... სახელწოდება საგა,
გამოცემის, წარმოების, დისტრიბუციის... თარიღი 2021.
300 ## - ფიზიკური აღწერა
Extent 693 გვ. :
Other physical details ილ., ცხრ. ;
Dimensions 30 სმ.
501 ## - შენიშვნა თანმხლებ მასალაზე
With note საძიებელი: გვ. 691-693.
653 ## - INDEX TERM--UNCONTROLLED
Uncontrolled term მენეჯმენტი
700 ## - ADDED ENTRY--PERSONAL NAME
Personal name მალჰოტრა, მანოჯ კ.
Relator term ავტორი
9 (RLIN) 17719
700 ## - ADDED ENTRY--PERSONAL NAME
Personal name რიტზმანი, ლარი პ.
Relator term ავტორი
9 (RLIN) 17720
700 ## - ADDED ENTRY--PERSONAL NAME
Personal name გრიგოლაშვილი, გელა
Relator term მთარგმნელი
9 (RLIN) 17721
700 ## - ADDED ENTRY--PERSONAL NAME
Personal name ღაღანიძე, გიორგი
Relator term მთარგმნელი
9 (RLIN) 17722
700 ## - ADDED ENTRY--PERSONAL NAME
Personal name თოქმაზიშვილი, მიხეილ და სხვა
Relator term მთარგმნელი
9 (RLIN) 17723
942 ## - ADDED ENTRY ELEMENTS (KOHA)
Source of classification or shelving scheme
Koha item type წიგნი
ეგზემპლარები
ჩამოწერის სტატუსი დაკარგული ეგზემპლარის სტატუსი კლასიფიკაციის წყარო ან თაროზე გაწყობის სქემა დაზიანების სტატუსი არ გაიცემა მუდმივი მდებარეობა (დაცვის ადგილი) ამჟამინდელი ადგილსამყოფელი თაროზე განთავსების ადგილი შეძენის თარიღი ღირებულება, შესყიდვის ნორმალური ფასი სრული შენახვის შიფრი შტრიხკოდი ბოლო ოპერაციის თარიღი ეგზემპლარის მიმდევრობითი ნომერი (კეტერი?) ფასის ძალაში შესვლის თარიღი ეგზემპლარის სახეობა საჯარო შენიშვნა
          ბათუმის შოთა რუსთაველის სახელმწიფო უნივერსიტეტის მთავარი ბიბლიოთეკა ბათუმის შოთა რუსთაველის სახელმწიფო უნივერსიტეტის მთავარი ბიბლიოთეკა წიგნსაცავი 2023-04-21 77.00 005.4(075.8) კ-81 29385 2023-04-21 29385 2023-04-21 წიგნი 77 ლ.
          ბათუმის შოთა რუსთაველის სახელმწიფო უნივერსიტეტის მთავარი ბიბლიოთეკა ბათუმის შოთა რუსთაველის სახელმწიფო უნივერსიტეტის მთავარი ბიბლიოთეკა წიგნსაცავი 2024-07-05 84.00 005.4(075.8) კ-81 68466 2024-07-05 68466 2024-07-05 წიგნი 84.00
          ბათუმის შოთა რუსთაველის სახელმწიფო უნივერსიტეტის მთავარი ბიბლიოთეკა ბათუმის შოთა რუსთაველის სახელმწიფო უნივერსიტეტის მთავარი ბიბლიოთეკა წიგნსაცავი 2024-07-05 84.00 005.4(075.8) კ-81 68467 2024-07-05 68467 2024-07-05 წიგნი 84.00
          ბათუმის შოთა რუსთაველის სახელმწიფო უნივერსიტეტის მთავარი ბიბლიოთეკა ბათუმის შოთა რუსთაველის სახელმწიფო უნივერსიტეტის მთავარი ბიბლიოთეკა წიგნსაცავი 2024-07-05 84.00 005.4(075.8) კ-81 68468 2024-07-05 68468 2024-07-05 წიგნი 84.00
          ბათუმის შოთა რუსთაველის სახელმწიფო უნივერსიტეტის მთავარი ბიბლიოთეკა ბათუმის შოთა რუსთაველის სახელმწიფო უნივერსიტეტის მთავარი ბიბლიოთეკა წიგნსაცავი 2024-07-05 84.00 005.4(075.8) კ-81 68469 2024-07-05 68469 2024-07-05 წიგნი 84.00